Fuzzy logic for business, finance, and management

Αποθηκεύτηκε σε:
Λεπτομέρειες βιβλιογραφικής εγγραφής
Κύριοι συγγραφείς: Bojadziev, George, Zadeh, Lotfi Asker (Συγγραφέας)
Άλλοι συγγραφείς: Bojadziev, Maria
Μορφή: Βιβλίο
Γλώσσα:English
Δημοσίευση: Singapore : World Scientific, 1997
Σειρά:Advances in fuzzy systems. Applications and theory ; ; 12
Θέματα:
Ετικέτες: Προσθήκη ετικέτας
Δεν υπάρχουν, Καταχωρήστε ετικέτα πρώτοι!

MARC

LEADER 00000nam a2200000 i 4500
001 1/73316
008 050311s1998 eng d
020 |a 9810228945 
035 |l 10077062 
040 |a GR-MY-UA  |b gre  |e aacr 
041 0 |a eng 
082 0 |a 658.403  |2 (21) 
100 1 |a Bojadziev, George. 
245 1 0 |a Fuzzy logic for business, finance, and management /  |c George Bojadziev, Maria Bojadziev ; foreword by Lotfi A. Zadeh 
260 |a Singapore :   |b World Scientific,   |c 1997 
300 |a xviii, 232 σ.;  |b εικ.;  |c 22 εκ. 
490 1 |a Advances in fuzzy systems. Applications and theory  |v ; 12 
504 |a Περιλαμβάνει βιβλιογραφία και ευρετήριο 
650 0 0 |a Decision making  |x Data processing. 
650 0 0 |a Business forecasting  |x Data processing. 
650 0 0 |a Fuzzy logic. 
700 1 |a Bojadziev, Maria. 
700 1 |a Zadeh, Lotfi Asker.  |4 aut 
830 0 |a Advances in fuzzy systems. Applications and theory ;  |v ; 12 
852 |a INST  |b CHIOS  |e 20050311  |h 658.403 BOJ  |p 005200021791  |q 005200021791  |t BK  |y 0 
901 |a BIBL2-2005-1 
909 |a Χ  |b 113077 
920 |a ΔΙΕΥΡΥΝΣΗ  |b ΕΠΕΑΕΚ-ΤΜΟΔ  |y ΧΙΟΣ  |z 2004-12 
970 |a ΣΠΕΝΤΖΑ  |b ΕΛΕΝΗ  |z 2005/03/11